| 000 -LEADER |
| fixed length control field |
00657nam a22002177a 4500 |
| 003 - CONTROL NUMBER IDENTIFIER |
| control field |
OSt |
| 005 - DATE AND TIME OF LATEST TRANSACTION |
| control field |
20210422062945.0 |
| 008 - FIXED-LENGTH DATA ELEMENTS--GENERAL INFORMATION |
| fixed length control field |
201228s2008 ||||| |||| 00| 0 eng d |
| 020 ## - INTERNATIONAL STANDARD BOOK NUMBER |
| International Standard Book Number |
9780615195261 |
| 040 ## - CATALOGING SOURCE |
| Original cataloging agency |
eng |
| Language of cataloging |
eng |
| Transcribing agency |
DLC |
| 041 ## - LANGUAGE CODE |
| Language code of text/sound track or separate title |
eng |
| 080 ## - UNIVERSAL DECIMAL CLASSIFICATION NUMBER |
| Universal Decimal Classification number |
616-08 |
| Item number |
O-84 |
| 100 ## - MAIN ENTRY--PERSONAL NAME |
| 9 (RLIN) |
621 |
| Personal name |
O'shea, Spustek Helen. |
| 245 ## - TITLE STATEMENT |
| Title |
Teaching Nursing in the Clinical Setting |
| Remainder of title |
: A practical Guide to Clinical Instruction |
| Statement of responsibility, etc. |
/ by: Lullwater Press |
| 260 ## - PUBLICATION, DISTRIBUTION, ETC. |
| Place of publication, distribution, etc. |
Atlanta |
| Name of publisher, distributor, etc. |
Lullwater Press |
| Date of publication, distribution, etc. |
2008 |
| 300 ## - PHYSICAL DESCRIPTION |
| Extent |
80 p. |
| Other physical details |
ill. |
| 650 #0 - SUBJECT ADDED ENTRY--TOPICAL TERM |
| 9 (RLIN) |
285 |
| Topical term or geographic name entry element |
Patient Care |
| 653 ## - INDEX TERM--UNCONTROLLED |
| Uncontrolled term |
პაციენტის მოვლა |
| 700 ## - ADDED ENTRY--PERSONAL NAME |
| 9 (RLIN) |
622 |
| Personal name |
Hodgson, Nell |
| 942 ## - ADDED ENTRY ELEMENTS (KOHA) |
| Source of classification or shelving scheme |
|
| Koha item type |
Books |